Регионална библиотека "Любен Каравелов" - Русе

История на българската литература - поети на 20-те години (Запис номер 185815)

MARC детайли
000 -Лидер
Контролно поле с фиксирана дължина nam a22 a 4500
003 - Код на организацията, давaща контролен номер
Контролно поле BLK
005 - Дата и час на последна редакция
Контролно поле 20230406114424.0
008 - Елементи от данни с фиксирана дължина
fixed length control field 180411b bul|||||r ||||||| ||bul||
040 ## - Източник на каталожния запис
Идентификатор на билиотеката - собственик на записа BLK
041 ## - Код за език
Код за езика на текст/звукозапис или на отделно заглавие Български
Код за езика КДБФ Български
080 ## - УДК
Текстов определител УДК Българска литература
УДК код - определител по УДК 821.163.2
УДК определител -1.09
УДК - код + определител 821.163.2-1.09
100 1# - Редна дума - Автор
Автор Ликова, Розалия Николова
Авторска отговорност първи автор
R(LIN) 380913
139 ## - Редно поле
Редна дума Ликова, Розалия Николова
245 10 - Сведения за заглавието
Заглавие История на българската литература - поети на 20-те години
Редно поле (дума) Розалия Ликова.
257 ## - Страна на издаване
Страна на създаване/издаване България
260 ## - Област на издателските данни
Място на издаване, разпространение и проч. София
Име на издателя, разпространителя и проч. Наука и изкуство
Година на издаване 1979
Печатница Варна : Ст. Добрев-Странджата
300 ## - Физическа характеристика
Страници 319 с.
Размери/Мащаб 22 см
380 ## - Жанр
Жанр Литературознание
650 #4 - Допълнително описание по предмет – тема
Основно описание – тема или топоним Българска литература, 1878-1944 г.- история
9 (RLIN) 286835
650 #4 - Допълнително описание по предмет – тема
Основно описание – тема или топоним Поезия, българска
9 (RLIN) 243326
650 #4 - Допълнително описание по предмет – тема
Основно описание – тема или топоним Поети, български
9 (RLIN) 241945
653 ## - Ключова дума – ненормативна
Ключова дума българска поезия
852 ## - Местоположение
Форматна сигнатура Цб 96699
Фондова буква Хранилище
999 ## - СИСТЕМНИ КОНТРОЛНИ НОМЕРА
Koha biblionumber 185815
Koha biblioitemnumber 185815
942 ## - АРТИКУЛИ
Вид на библиотечния материал Книги
Скрит в OPAC Не
Периодичен библиозапис Да
944 ## - СЪЗДАВАНЕ И РЕДАКЦИЯ на ЗАПИСА
Създаване/Редакция Създаване
Дата на регистрацията/редакция 31.10.2016
Служител, извършил регистрацията/редакцията Теодора_Стоянова
944 ## - СЪЗДАВАНЕ И РЕДАКЦИЯ на ЗАПИСА
Създаване/Редакция Редакция
Дата на регистрацията/редакция 2022-11-25
Наличности
Код за отписване Код за изгубен артикул Източник на класификационната схема Код за повреда Коз за рестрикции Код за отдаване Артикулен № Име на библиотеката - собственик Име на библиотеката, в която се намира в момента Статус (Текущо местоположение) Дата на вписване в системата Местоположение - отдел Цена в лева Инвентарен номер Систематично азбучна сигнатура Баркод Номер на екземпляра Цена в евро Служебна бележка Служебен тип на артикула
  Не е изгубен Universal Decimal Classification Не е повреден без рестрикции ползва се в читалня 322603 Регионална библиотека "Любен Каравелов" Русе Регионална библиотека "Любен Каравелов" Русе Хранилище 1979-01-01 Хранилище 1.25 276477 Цб 96699 120000276477 1 0.64 Вид: Сф Дата: 01.01.1979 Книги
Изтеглен Не е изгубен Universal Decimal Classification Не е повреден без рестрикции заемане за дома 322604 Регионална библиотека "Любен Каравелов" Русе Регионална библиотека "Любен Каравелов" Русе Заемна - подръчен фонд 1979-01-01 Заемна - подръчен фонд 1.25 277647 821.163.2.09/Л 57 Р 277647 2 0.64 Вид: Сф Дата: 01.01.1979 Дата инв: 08.02.2018 Бележки инв: П2018 Книги
Изтеглен Не е изгубен Universal Decimal Classification Не е повреден без рестрикции заемане за дома 322605 Регионална библиотека "Любен Каравелов" Русе Регионална библиотека "Любен Каравелов" Русе Заемна - подръчен фонд 1979-01-01 Заемна - подръчен фонд 1.25 277649 П 886.7/Л 57 277649 3 0.64 Вид: Сф Дата: 01.01.1979 Книги
Изтеглен Не е изгубен Universal Decimal Classification Не е повреден без рестрикции заемане за дома 322606 Регионална библиотека "Любен Каравелов" Русе Регионална библиотека "Любен Каравелов" Русе Заемна - подръчен фонд 1979-01-01 Заемна - подръчен фонд 1.25 277650 П 886.7/Л 57 277650 4 0.64 Вид: Сф Дата: 01.01.1979 Дата инв: 19.02.2018 Бележки инв: П2018 Книги
Изтеглен Не е изгубен Universal Decimal Classification Не е повреден без рестрикции заемане за дома 322607 Регионална библиотека "Любен Каравелов" Русе Регионална библиотека "Любен Каравелов" Русе Заемна - подръчен фонд 1979-01-01 Заемна - подръчен фонд 1.25 277653 П 886.7/Л 57 277653 5 0.64 Вид: Сф Дата: 01.01.1979 Книги
Изтеглен Не е изгубен Universal Decimal Classification Не е повреден без рестрикции заемане за дома 322608 Регионална библиотека "Любен Каравелов" Русе Регионална библиотека "Любен Каравелов" Русе Заемна - подръчен фонд 1979-01-01 Заемна - подръчен фонд 1.25 277654 П 886.7/Л 57 277654 6 0.64 Вид: Сф Дата: 01.01.1979 Книги
Vip Innovations Ltd, Rousse, Bulgaria 2025